| 000 | 00889nam a22002297a 4500 | ||
|---|---|---|---|
| 999 |
_c11819 _d11819 |
||
| 003 | AR-CdUCM | ||
| 008 | 190405b ||||| |||| 00| 0 spa d | ||
| 040 |
_aMUNICIPALIDAD PROVINCIAL DEL CUSCO _cBIBLIOTECA MUNICIPAL DEL CUSCO |
||
| 082 |
_a520.4 / _bF61 / 1924 |
||
| 100 |
_aFlammarion , Camilo _926984 |
||
| 245 | _aIniciación astronómica / | ||
| 260 |
_aParís : _bLibr. de la Vda. de C. Bouret, _c1924. |
||
| 300 | _a226 páginas ; | ||
| 440 |
_aColección de iniciaciones científicas _929375 |
||
| 505 | _aContenido : Primeras aspiraciones astronómicas -- El día -- No se puede mirar el sol -- Manantial de luz -- La obra de la luz en la naturaleza -- Manantial de calor ... | ||
| 650 |
_aAstronomía _920572 |
||
| 650 |
_aConceptos _94442 |
||
| 650 |
_aMaterias _929376 |
||
| 700 |
_aLeón, Luis G. (Traductor) _929377 |
||
| 942 |
_2ddc _cLIBROS |
||
| 945 |
_arah _d05/04/2019 |
||